LIBRARY ONLINE CATALOGUE

Effects of ethical accounting practices on financial reporting (Record no. 18712)

MARC details
000 -LEADER
fixed length control field 00442nam a22001217a 4500
008 - FIXED-LENGTH DATA ELEMENTS--GENERAL INFORMATION
fixed length control field 210119b xxu||||| |||| 00| 0 eng d
050 ## - LIBRARY OF CONGRESS CALL NUMBER
Classification number GMB2429
Item number .K85 2019 c.1
100 ## - MAIN ENTRY--PERSONAL NAME
Personal name Kukutia, Douglas Paul
245 ## - TITLE STATEMENT
Title Effects of ethical accounting practices on financial reporting
Remainder of title a survey of listed firms in Kenya
Statement of responsibility, etc. Douglas Paul Kukutia
260 ## - PUBLICATION, DISTRIBUTION, ETC. (IMPRINT)
Place of publication, distribution, etc. Kabarak, Nakuru, Kenya
Name of publisher, distributor, etc. Kabarak University
Date of publication, distribution, etc. 2019
300 ## - PHYSICAL DESCRIPTION
Extent 73 leaves
942 ## - ADDED ENTRY ELEMENTS (KOHA)
Source of classification or shelving scheme Library of Congress Classification
Koha item type Thesis, Dissertation and Projecs
Holdings
Withdrawn status Lost status Source of classification or shelving scheme Not for loan Home library Current library Date acquired Total Checkouts Full call number Barcode Date last seen Price effective from Koha item type
    Library of Congress Classification   Kabarak, Main Campus Kabarak, Main Campus 19/01/2021   GMB2429 .K85 2019 c.1 029485 19/01/2021 19/01/2021 Thesis, Dissertation and Projecs
    Library of Congress Classification   Kabarak, Main Campus Kabarak, Main Campus 19/01/2021   GMB2429 .K85 2019 c.2 029486 19/01/2021 19/01/2021 Thesis, Dissertation and Projecs